| 000 | 00401nam a22001337a 4500 | ||
|---|---|---|---|
| 082 |
_a940.4 _bEAD |
||
| 100 |
_aEady, H.G _949410 |
||
| 245 |
_aHistoricall illustrations to field service regulations, "Operations." 1929 _cH.G. Eady, |
||
| 260 |
_aLondon _bSifton Praed & Co. Ltd. _c1930 |
||
| 300 | _axv, 276p, : | ||
| 526 |
_a0 _b0 _c0 _d940_400000000000000_EAD |
||
| 650 |
_aMCE _9379 |
||
| 942 |
_2ddc _cBK |
||
| 999 |
_c552195 _d552195 |
||